Mobilné aplikácie ako prostriedok zlepšovania vzťahov so zákazníkom bakalárska práca

Gespeichert in:
Bibliographische Detailangaben
1. Verfasser: Leitnerová, Terézia
Körperschaft: Fakulta podnikového manažmentu EU. Katedra informačného manažmentu
Weitere Verfasser: Černý, Matej, 1982-
Format: Buch
Sprache:Slowakisch
Veröffentlicht: Bratislava 2018
Tags: Tag hinzufügen
Keine Tags, Fügen Sie das erste Tag hinzu!

MARC

LEADER 00000nbm a2200000 4500
001 0244870
005 20180921143814.0
041 0 |a slo 
044 |a SK 
245 1 0 |a Mobilné aplikácie ako prostriedok zlepšovania vzťahov so zákazníkom  |b bakalárska práca  |c Terézia Leitnerová ; školiteľ: Matej Černý 
264 1 |a Bratislava  |c 2018 
300 |a 46 s. 
100 1 |a Leitnerová, Terézia 
700 1 |a Černý, Matej, 1982- 
710 2 |a Fakulta podnikového manažmentu EU. Katedra informačného manažmentu